Propuesta de reglamentación para el control de ruido en Costa Rica

Sábháilte in:
Sonraí bibleagrafaíochta
Príomhchruthaitheoir: Ramírez Campos, José Joaquín
Formáid: LEABHAR
Foilsithe / Cruthaithe: [San José , Costa Rica] 1991
Ábhair:
Clibeanna: Cuir clib leis
Níl clibeanna ann, Bí ar an gcéad duine le clib a chur leis an taifead seo!

MARC

LEADER 00000nam a2200000Ia 4500
003 005316
005 20230623153148.0
008 140114s1991 cr a m 000 ||s d
040 |c cru CEDI 
100 |a Ramírez Campos, José Joaquín  |9 12610 
245 |a Propuesta de reglamentación para el control de ruido en Costa Rica 
260 |a [San José , Costa Rica]  |c 1991 
300 |a 259 hojas :ilustraciones  
500 |a Proyecto de graduación (licenciatura en ingeniería mecánica)--Universidad de Costa Rica. Facultad de Ingeniería. Escuela de Ingeniería Mecánica 
650 |x CONTROL DEL RUIDO - COSTA RICA 
942 |c CEDI  |h TFG 2526  |6 TFG_2526_000000000000000 
999 |c 20181  |d 20181